| 000 | 00479nam a22001697a 4500 | ||
|---|---|---|---|
| 003 | NUST - PNEC | ||
| 005 | 20170116181102.0 | ||
| 008 | 151003b xxu||||| |||| 00| 0 eng d | ||
| 020 | _a- | ||
| 040 | _cLIBRARY | ||
| 082 | _a737.49 SOH | ||
| 100 |
_912415 _aSohail Ahmed Khan |
||
| 245 |
_aNomenclature origin and history of coins: of Indo-Pakistan sub-continent _cSohail Ahmed Khan |
||
| 260 | _cc.1992 | ||
| 650 |
_912419 _aCoins of Indo-Pakistan _xHistory |
||
| 942 |
_2ddc _cBK |
||
| 999 |
_c68787 _d68787 |
||